Do They Know It's Christmas? Singers - Statistics

General Stats
  • This quiz has been taken 150 times
  • The average score is 10 of 20
Answer Stats
Song Artist % Correct
Last Christmas Wham!
88%
With or Without You U2
81%
Karma Chameleon Culture Club
80%
Space Odity David Bowie
80%
In the Air Tonight Phil Collins
75%
Sweet Dreams Eurythmics
70%
Venus Bananarama
60%
Every Time You Go Away Paul Young
50%
True Spandau Ballet
49%
Ordinary World Duran Duran
45%
Rockin' All Over the World Status Quo
42%
Desert Rose Sting
39%
Celebration Kool & The Gang
36%
Human Human League
34%
Maybe I'm Amazed Paul McCartney
34%
The Power of Love Frankie Goes to Hollywood
32%
The Great Song Of Indifference Bob Geldof
21%
Temptation Heaven 17
18%
The Man Who Sold the World Midge Ure
18%
You're the Best Thing The Style Council
5%
No matching quizzes found
Score Distribution
Percent of People with Each Score
Percentile by Number Answered
Your Score History
You have not taken this quiz